LEADER 02279nam0 22004813i 450 001 TO01039952 005 20251003044409.0 010 $a8815085033 010 $a9788815085030 100 $a20130827d2002 ||||0itac50 ba 101 | $aita 102 $ait 181 1$6z01$ai $bxxxe 182 1$6z01$an 183 1$6z01$anc$2RDAcarrier 200 1 $aEconomia pubblica e Unione europea$fAlessandro Petretto$gcon la collaborazione di Lisa Grazzini e Sara Mele 210 $aBologna$cIl mulino$d[2002] 215 $a302 p.$d22 cm. 225 | $aItinerari$i. Economia 410 0$1001MIL0530414$12001 $aItinerari$i. Economia 606 $aFinanza pubblica$2FIR$3CFIC005524$9E 606 $aUNIONE EUROPEA$xEconomia$2FIR$3NAPC148865$9I 676 $a336$9Finanza pubblica$v14 676 $a336$9FINANZA PUBBLICA$v20 676 $a336$9FINANZA PUBBLICA$v21 676 $a336.4$9$v12 696 $aEconomia reale$aAttività economiche$aAspetti economici 699 $aEconomia$yEconomia reale 699 $aEconomia$zAttività economiche 699 $aEconomia$zAspetti economici 700 1$aPetretto$b, Alessandro$3CFIV059816$4070$089322 702 1$aGrazzini$b, Lisa$3LO1V150089 702 1$aMele$b, Sara$3TO0V426796 801 3$aIT$bIT-000000$c20130827 850 $aIT-BN0095 $aIT-AV0007 $aIT-NA0079 901 $bNAP BN$cS.MOD $nLa consegna dei documenti è effettuata dall'Ufficio Distribuzione 901 $bNAP AV$cSEZ. M $nSezione Moderna 901 $bNAP 01$cPOZZO LIB.$nVi sono collocati fondi di economia, periodici di ingegneria e scienze, periodici di economia e statistica e altri fondi comprendenti documenti di economia pervenuti in dono. 912 $aTO01039952 950 0$aBiblioteca Centralizzata di Ateneo$c1 v. in due copie$d 01POZZO LIB.ECON MON 4653$e 0101 0000000825E VMA (bis 1 v. (2. copia . - precedente collocazione sez. DASES B 0011)$fB $h20070704$i20070704$c1 v. in due copie$d 01POZZO LIB.ECON MON 4653$e 01C 0080024945E VMA 1 v. (Precedente collocazione: EC C 00 2494)$fB $h20130218$i20130218 977 $a 01$a AV$a BN 996 $aEconomia pubblica e unione europea$952282 997 $aUNISANNIO LEADER 01718nam0-2200373---450 001 9911045823603321 005 20251216105744.0 100 $a20251215g18931913km-y0itay50------ba 101 0 $afre 102 $aFR 105 $aa-------001yy 200 1 $aMinéralogie de la France et de ses colonies$edescription physique et chimique des minéraux, étude des conditions géologiques de leurs gisements$fA. Lacroix 210 $aParis$cLibrairie Polytechnique, Baudry$d1893-1913 215 $av.$cill.$d26 cm 307 $a1.: XX, 723 p. ; 2.: 804 p. ; 3.: VI, 815 p. ; 4.: III, 923 p. ; 5.: 501 p. 610 0 $aMineralogia$aFrancia 676 $a549$v23$zita 700 1$aLacroix,$bAlfred$f<1863-1948>$06899 801 0$aIT$bUNINA$gREICAT$2UNIMARC 856 4 $zVisualizza la versione elettronica in EROMM$uhttps://gallica.bnf.fr/ark:/12148/bpt6k42205706/f23.item$e20251215 856 4 $zVisualizza la versione elettronica in EROMM$uhttps://gallica.bnf.fr/ark:/12148/bpt6k30789307$e20251215 856 4 $zVisualizza la versione elettronica in EROMM$uhttps://gallica.bnf.fr/ark:/12148/bpt6k42218605$e20251215 856 4 $zVisualizza la versione elettronica in EROMM$uhttps://gallica.bnf.fr/ark:/12148/bpt6k3078922p$e20251215 856 4 $zVisualizza la versione elettronica in EROMM$uhttps://gallica.bnf.fr/ark:/12148/bpt6k3078738v$e20251215 901 $aBK 912 $a9911045823603321 952 $aM 2 IV 53 (1$b25984$fNAP14 952 $aM 2 IV 53 (2$b25984$fNAP14 952 $aM 2 IV 53 (3$b25984$fNAP14 952 $aM 2 IV 53 (4$b25984$fNAP14 952 $aM 2 IV 53 (5$b25984$fNAP14 959 $aNAP14 996 $aMinéralogie de la France et de ses colonies$94469745 997 $aUNINA